01093 a2200253 4500003000500000005001700005010001600022020002700038040000900065082001700074100002900091245007700120250001200197260003500209300008000244490003400324505019500358650003500553651002300588830007000611942001300681999001900694952012600713Nust20221129184918.0 a 00044787 a0070486514(alk. paper) cNust00a621.3815,NEA1 aNeamen, Donald A.95973410aElectronic circuit analysis and design / (Include CD)cDonald A. Neamen. a2nd ed. aBoston :bMcGraw-Hill,cc2001. axxx, 1232 p. :bill. ;c27 cm. +e1 computer laser optical disc (4 3/4 in).1 aElectronics and VLSI circuits aPart 1: Semiconductor Devices and Basic Application (Page-1), Part :2 Analog Electronic (Page-519), Part 3: Digital Electronic (Page-1001), Part 4: Answers to Selected Problems (Page-1203). 0aTelecommunication Engineering. a(Include CD)98953 0aMcGraw-Hill series in electrical and computer engineering.934577 cREF2ddc c175879d175879 00102ddc4070aMCSbMCScGENd2016-12-12o621.3815,NEApMCS30257r2016-12-08w2016-12-12yBKzAlmirah No.33, Shelf No.3